000
00316nam a22001457a 4500
020
_a
978-81-8266-553-8
082
_a
894.818.1
_b
KAK/S
100
_a
KAKKAN N N
245
_a
SAPHALAMEEYATHRA
260
_a
KOZHIKODE
_b
MATHRUBHUMI BOOKS
_c
2015
300
_a
189
520
_a
POETRY
650
_a
POETRY
942
_c
BK
999
_c
4596
_d
4596